Atatürk'ün fikir fedaisi Dr. Reşit Galip/ (Record no. 13689)

MARC details
000 -BAŞLIK
Sabit Uzunlukta Kontrol Alanı 00797nam a22002417a 4500
999 ## - SİSTEM KONTROL NUMARALARI (KOHA)
Koha Biblionumber 13689
Koha Biblioitemnumber 13689
003 - KONTROL NUMARASI IDENTIFIER
Denetim Alanı MIRAKIL
005 - SON İŞLEM TARİHİ VE ZAMANI
Denetim Alanı 20200107121914.0
008 - SABİT-BOY VERİ ELEMANLARI - GENEL BİLGİLER
Sabit Uzunlukta Kontrol Alanı 200107b tu ||||| |||| 00| 0 tur d
020 ## - ULUSLARARASI STANDART KİTAP NUMARASI
Uluslararası Standart Kitap Numarası 9750108891
040 ## - KATALOGLAMA KAYNAK
Orijinal Kataloglama Ajansı TR-AnCHP
Kataloglama Dili tur
Metne Dönüştürmek Ajansı TR-AnCHP
041 ## - DİL KODU
Metin / Ses Parça Veya Ayrı Başlığın Dil Kodu tur
082 ## - DEWEY ONLU SINIFLANDIRMA NUMARASI
Sınıflandırma Numarası 923.1561
Ürün Numarası O68a 2007
100 ## - ANA GİRİŞ - KİŞİSEL İSİM
Kişisel Ad Oruç, Yener
245 ## - BAŞLIK TABLOSU
Başlık Atatürk'ün fikir fedaisi Dr. Reşit Galip/
Sorumluluk Tablosu, Vb Yener Oruç.
260 ## - YAYIN, DAĞITIM, VB
Yayın, Dağıtım, Vb Yeri İstanbul:
Yayıncı, Dağıtıcı, Vs Adı Gürer yayınları,
Yayın, Dağıtım, Vb Tarihi 2007.
300 ## - FİZİKSEL TANIM
Kapsam 320 s.:
Diğer Fiziksel Ayrıntıları fotg.,
Boyutlar 24 sm.
490 0# - SERİSİ TABLOSU
Seri Beyanı Gürer yayınları;
-- Araştırma-inceleme
Hacim / Ardışık Tanımı 7.
-- 2.
504 ## - KAYNAKÇA VB NOT
Kaynakça Vb Notu kaynakça ve dizin vardır.
600 ## - KONU KATMA GİRİŞ - KURUMSAL ADI
Kişisel Ad Reşit Galip
Başlıklar Ve Bir Adla İlişkili Diğer Kelimeler Milli Eğitim Bakanı
Bir Adıyla İlişkilendirilen Tarihler 1893-1934
Genel Alt Bölümü yaşamöyküsü
650 ## - KONU KATMA GİRİŞ - TOPİKAL DÖNEM
Topikal Süreli Veya Coğrafi Ad Giriş Elemanı Devlet adamları, Türk
Genel Alt Bölümü yaşamöyküsü
650 #0 - KONU KATMA GİRİŞ - TOPİKAL DÖNEM
Topikal Süreli Veya Coğrafi Ad Giriş Elemanı Eğitim
9 (RLIN) 392
Genel Alt Bölümü Tarih
Coğrafi Alt Bölümü Türkiye
942 ## - EKLENDİ GİRİŞ ELEMANLARI (KOHA)
Sınıflandırma Veya Raf Düzeni Kaynak Dewey Decimal Classification
Koha Öğesi Türü Books
Holdings
Kalıcı Konum Mevcut Konum Edinme Tarihi Toplam Check-Out'Lar Tam Çağrı Numarası Barkod Tarih Son Görülme İtibaren Geçerli Fiyatlar Sigara Kamu Notu Koha Öğesi Türü
CHP Kütüphanesi CHP Kütüphanesi 01/07/2020   923.1561 O68a 2007 013469 01/07/2020 01/07/2020 Ertuğrul Çepni bağışıdır. Books